000 00326nam a2200121Ia 4500
008 250110s9999 xx 000 0 und d
041 _aeng
100 _aKaur Tejwans
_9183034
245 _aHolistic Healing Retreat Pavana Pune
260 _bBNCA, Pune
_c2017
300 _a80p
700 _aGuide Name:Kulkarni Prajakta
_9210712
999 _c363904
_d363904